Preußische Provinzen - mit Karte - Statistiken

Allgemein
  • Dieses Quiz wurde 2.901 mal gespielt
  • Das Durchschnittsergebnis liegt bei 10 aus 14
Antworten auf der Karte
Die Antworten werden auf der Karte rot bzw. grün angezeigt, abhängig davon wie oft sie richtig erraten wurden.
 
Antwortstatistiken
Provinz % Korrekt
Schleswig-Holstein
93%
Brandenburg
89%
Berlin
79%
Pommern
79%
Sachsen
79%
Schlesien
77%
Hessen-Nassau
74%
Hannover
69%
Rheinland
69%
Ostpreußen
68%
Westfalen
67%
Westpreußen
50%
Hohenzollern
44%
Posen
42%
Keine übereinstimmenden Quizze gefunden
Verteilung der Resultate
Anzahl Personen mit jedem Resultat
Perzentil nach korrekt beantworteten Fragen
Ihre Resultats-Entwicklung
Sie haben dieses Quiz noch nicht gespielt